Ekonomická integrácia krajín západného Balkánu do Európskej únie bakalárska práca

Saved in:
Bibliographic Details
Main Author: Čurda, Normen
Corporate Author: Obchodná fakulta EU. Katedra medzinárodného obchodu
Other Authors: Krivosudská, Simona, 1995-
Format: Book
Language:Slovak
Published: Bratislava 2021
Tags: Add Tag
No Tags, Be the first to tag this record!

MARC

LEADER 00000nbm a2200000 4500
001 0275939
005 20220209123907.8
041 0 |a slo 
044 |a SK 
245 1 0 |a Ekonomická integrácia krajín západného Balkánu do Európskej únie  |b bakalárska práca  |c Normen Čurda ; školiteľ: Simona Krivosudská 
264 1 |a Bratislava  |c 2021 
300 |a 57 s. 
100 1 |a Čurda, Normen 
700 1 |a Krivosudská, Simona, 1995- 
710 2 |a Obchodná fakulta EU. Katedra medzinárodného obchodu